| 000 | 01041nam a22003137a 4500 | ||
|---|---|---|---|
| 003 | CHAP | ||
| 005 | 20220817041309.0 | ||
| 008 | 971013s1956 r 00010 d | ||
| 010 | _a10661 | ||
| 011 | _a11633 | ||
| 035 | _a10872 | ||
| 040 | _cCHAP | ||
| 082 |
_a338.1 _bE2 |
||
| 110 |
_aEcuador. Junta Nacional de Planificación y Coordinación Económica _935312 |
||
| 245 | _aAzuay y Cañar; desarrollo económico, situación agraria y forestal | ||
| 260 |
_aQuito : _bCasa de la Cultura Ecuatoriana, _c1956 |
||
| 300 |
_a219 p. _b: ilus |
||
| 590 |
_aBATCH-UPD _b10 _c20130110 _lUCH01 _h1024 |
||
| 590 |
_aBATCH-UPD _b10 _c20130410 _lUCH01 _h0629 |
||
| 590 |
_aBATCH-UPD _b10 _c20130914 _lUCH01 _h0708 |
||
| 590 |
_aCONVERSION _b10 _c20130109 _lUCH01 _h1307 |
||
| 650 | 1 | 4 |
_aAgricultura _xAspectos economicos _xEcuador. _91239 |
| 650 | 1 | 4 |
_aAgricultura _xEcuador. _91409 |
| 650 | 1 | 4 |
_aBosques _xEcuador. _914132 |
| 650 | 1 | 4 | _aDesarrollo económico. |
| 901 | _aBK | ||
| 942 | _cLIBRO | ||
| 949 |
_a338.1 E2 _bBC _cBPA _d-22846 _eBPA _i10872 _mD _si |
||
| 999 |
_c10661 _d10661 |
||